|
|
|
|
| LEADER |
01028pam a22002898a 4500 |
| 001 |
00045474 |
| 005 |
20200514150547.0 |
| 008 |
171018s2002 ||||||viesd |
| 020 |
# |
# |
|c 30000
|
| 041 |
0 |
# |
|a vie
|
| 082 |
1 |
4 |
|a 372.62
|b R203K
|
| 100 |
# |
# |
|a Nguyễn, Trí
|e Chủ biên
|
| 245 |
1 |
0 |
|c Nguyễn Trí (ch.b); Nguyễn Trọng Hoàn, Giang Khắc Bình
|a Rèn kĩ năng cảm thụ thơ văn cho học sinh lớp 4
|
| 260 |
# |
# |
|a T.P. Hồ Chí Minh
|c 2013
|b Đại học Quốc gia T.P. Hồ Chí Minh
|
| 300 |
# |
# |
|a 138 tr.
|c 24 cm
|
| 653 |
# |
# |
|a Cảm thụ thơ văn
|
| 653 |
# |
# |
|a Kĩ năng
|
| 653 |
# |
# |
|a Văn học
|
| 653 |
# |
# |
|a Tài liệu tham khảo
|
| 653 |
# |
# |
|a Tiểu học
|
| 653 |
# |
# |
|a Lớp 4
|
| 700 |
# |
# |
|a Nguyễn, Trọng Hoàn
|
| 700 |
# |
# |
|a Nguyễn, Trí
|e Chủ biên
|
| 700 |
# |
# |
|a Giang, Khắc Bình
|
| 852 |
# |
# |
|j KM.0033887
|j KD.0027170
|
| 910 |
# |
# |
|d 14/5/2020
|
| 980 |
# |
# |
|a Trung tâm Học liệu Lê Vũ Hùng, Trường Đại học Đồng Tháp
|